| 000 | 00529nam a22002177a 4500 | ||
|---|---|---|---|
| 005 | 20250207173337.0 | ||
| 008 | 220322b2001 xxu||||| |||| 00| 0 spa d | ||
| 020 | _a9706513248 | ||
| 041 |
_aING _aESP |
||
| 082 | _aR 423 D545d | ||
| 245 | _aDiccionario inglés - español | ||
| 260 | _aEspaña | ||
| 260 | _bOcéano Grupo Editorial | ||
| 260 | _c2001 | ||
| 300 | _a468 páginas | ||
| 505 | _aDiccionario español - inglés | ||
| 650 | _aDICCIONARIOS | ||
| 650 | _aINGLÉS | ||
| 650 | _aESPAÑOL | ||
| 942 |
_cREF _2ddc |
||
| 999 |
_c13279 _d13279 |
||